[Event "Rooks-Fermi"]
[Site "?"]
[Date "2003.02.06"]
[Round "?"]
[White "Baurac, Dave"]
[Black "Eustace, Dan"]
[Result "1/2-1/2"]
[WhiteElo "1749"]
[BlackElo "1518"]
[PlyCount "51"]

1. d4 Nf6 2. Nf3 c5 3. c3 cxd4 4. cxd4 e6 5. Bf4 Bb4+ 6. Nc3 O-O 7. Qb3 Nc6 8.
e3 d5 9. Bd3 Bd7 10. O-O Rc8 11. Rac1 Nh5 12. Bg3 Nxg3 13. hxg3 Qe7 14. a3 Bxc3
15. Rxc3 Na5 16. Qc2 a6 17. Bxh7+ Kh8 18. Ne5 Rxc3 19. bxc3 Bb5 20. Bd3 Bxd3
21. Nxd3 Qxa3 22. Rb1 Rc8 23. Nc5 Kg8 24. Rb2 Qa1+ 25. Rb1 Qa3 26. Rb2 1/2-1/2

[Event "Dragons-Rooks"]
[Site "?"]
[Date "2003.02.06"]
[Round "?"]
[White "Breyer, A."]
[Black "Grudzinski, J."]
[Result "0-1"]
[WhiteElo "1350"]
[BlackElo "1451"]
[PlyCount "30"]

1. e4 e5 2. Bc4 Nf6 3. d3 Bc5 4. Nh3 d6 5. Ng5 O-O 6. h3 Nc6 7. c3 d5 8. exd5
Nxd5 9. a4 Be6 10. Qf3 Nf4 11. Qg3 Bxc4 12. Bxf4 exf4 13. Qh4 Re8+ 14. Kd1
Qxd3+ 15. Nd2 Bb3+ 0-1

[Event "Tyros-Dragons"]
[Site "?"]
[Date "2003.03.12"]
[Round "?"]
[White "Stein, Peter"]
[Black "Tegel, F."]
[Result "1-0"]
[WhiteElo "2273"]
[BlackElo "2095"]
[PlyCount "93"]

1. e4 c5 2. Nc3 d6 3. f4 Nf6 4. Nf3 Nc6 5. Bb5 a6 6. Bxc6+ bxc6 7. O-O g6 8. e5
Nd5 9. Ne4 Bg7 10. c4 Nb6 11. Kh1 O-O 12. d3 Bg4 13. h3 Bxf3 14. Qxf3 dxe5 15.
f5 Nd7 16. Be3 Rb8 17. b3 a5 18. Rab1 Qb6 19. a3 Qa6 20. Nxc5 Nxc5 21. Bxc5 Qb7
22. b4 gxf5 23. Qxf5 e6 24. Qh5 Rfd8 25. Rf3 axb4 26. axb4 f6 27. Rg3 Qf7 28.
Qf3 Kh8 29. Ra1 Qe8 30. Ra7 Rd7 31. Qxc6 Rxa7 32. Qxe8+ Rxe8 33. Bxa7 Ra8 34.
Bf2 Bh6 35. Be3 Ra1+ 36. Kh2 Bf8 37. c5 Rb1 38. Rg4 Rb3 39. c6 Bd6 40. Bc5 (40.
Bb6) 40... Bc7 41. Kg1 Rxd3 42. b5 Rc3 43. Be7 Rc1+ 44. Kf2 Bb6+ 45. Ke2 Rc2+
46. Kd3 Rf2 47. Bc5 1-0

[Event "Tyros-Dragons"]
[Site "?"]
[Date "2003.03.12"]
[Round "?"]
[White "Guio, J."]
[Black "Eustace, D."]
[Result "0-1"]
[WhiteElo "1913"]
[BlackElo "1527"]
[PlyCount "38"]

1. e4 e5 2. f4 Nc6 3. Bc4 Nf6 4. d3 Bb4+ 5. c3 Bc5 6. Nf3 (6. Bxf7+ Kxf7 7.
fxe5 Nxe5 8. d4) 6... d6 7. b4 Bb6 8. a4 a6 9. Qe2 O-O 10. Be3 exf4 11. Bxb6
cxb6 12. Qd2 d5 13. exd5 Re8+ 14. Kd1 Nxd5 15. Bxd5 Qxd5 16. Re1 Bf5 17. d4
Qb3+ 18. Kc1 Nxb4 19. Ne5 Nc2 0-1

[Event "Dragons-Tyros"]
[Site "?"]
[Date "2003.03.12"]
[Round "?"]
[White "Salerno, Steve"]
[Black "Stoltz, Bob"]
[Result "0-1"]
[WhiteElo "1426"]
[BlackElo "1889"]
[PlyCount "64"]

1. e4 d5 2. exd5 Qxd5 3. Nc3 Qd6 4. d4 Nf6 5. Bb5+ c6 6. Be2 Bf5 7. Nf3 Nbd7 8.
O-O e6 9. Re1 Be7 10. Bd3 g6 11. Ne4 Nxe4 12. Bxe4 Bf6 13. c3 O-O-O 14. Bg5 h6
15. Bxf6 Nxf6 16. Ne5 Qc7 17. Qa4 Nxe4 18. Qxa7 Nd6 19. a4 f6 20. Nxg6 Bxg6 21.
Rxe6 Rhf8 22. a5 Rde8 23. Rxe8+ Rxe8 24. a6 bxa6 25. Qxa6+ Kd7 26. b4 Qb7 27.
Qa5 Bf7 28. Qc5 {idea of Ra7, pinning Q} 28... Ra8 29. Rc1 Qa7 30. Qxa7+ Rxa7
31. f3 Ra2 32. h4 Nc4 0-1

[Event "Tyros-Dragons"]
[Site "?"]
[Date "2003.03.12"]
[Round "?"]
[White "Smith, Brian"]
[Black "Breyer, Andy"]
[Result "1-0"]
[WhiteElo "1690"]
[BlackElo "1334"]
[PlyCount "53"]

1. Nf3 d5 2. c4 dxc4 3. e3 b5 4. a4 Bd7 5. Ne5 Nh6 6. Qf3 Na6 7. Nxd7 (7. Nc6
$1 Qc8 (7... Bxc6 $2 8. Qxc6+ Qd7 9. Qxa8+) 8. axb5) 7... Nb4 8. Ne5 Rb8 9. Nc6
Nxc6 10. Qxc6+ Qd7 11. Qxd7+ Kxd7 12. axb5 Rxb5 13. Bxc4 Rc5 14. b3 e5 15. Nc3
Kc8 16. O-O Kb8 17. d4 exd4 18. exd4 Rh5 19. Ba3 c5 20. d5 Bd6 21. g3 Re8 22.
Rfe1 Ree5 23. Rxe5 Bxe5 24. Rc1 Bd4 25. Ne2 Ng4 26. Nxd4 cxd4 27. Ba6 1-0

[Event "Kings-Northrop"]
[Site "?"]
[Date "2003.01.14"]
[Round "?"]
[White "Melnikov, Igor"]
[Black "Walker, Arnie"]
[Result "1/2-1/2"]
[WhiteElo "2068"]
[BlackElo "1760"]
[PlyCount "52"]

1. d4 g6 2. c4 Bg7 3. Nc3 c5 4. d5 d6 5. e4 Na6 6. Bd3 Nc7 7. Qc2 Bd7 8. Rb1
Rb8 9. Nge2 Nf6 10. f4 O-O 11. O-O b5 12. b3 b4 13. Nd1 e6 14. Ne3 exd5 15.
cxd5 Bb5 16. Bb2 Re8 17. Nc4 Bxc4 18. Qxc4 Ng4 19. Rf3 Bxb2 20. Rxb2 a6 21. Rb1
Nb5 22. Rbf1 Rb7 23. h3 Nf6 24. f5 Nd7 25. fxg6 fxg6 26. Qc2 Ne5 1/2-1/2

[Event "Northrop-Kings"]
[Site "?"]
[Date "2003.01.14"]
[Round "?"]
[White "Gothier, Sean"]
[Black "Piparia, Jankesh"]
[Result "0-1"]
[WhiteElo "1371"]
[BlackElo "1890"]
[PlyCount "66"]

1. e4 d5 2. exd5 Nf6 3. Nc3 Nxd5 4. Nxd5 Qxd5 5. d4 Nc6 6. Be3 Bf5 7. a3 e6 8.
Nf3 Be7 9. c4 Qe4 10. Be2 O-O 11. O-O Rad8 12. Nd2 Qc2 13. Qxc2 Bxc2 14. Rac1
Bf5 15. Nf3 Rd7 16. d5 exd5 17. cxd5 Rxd5 18. Rfd1 Rfd8 19. Rxd5 Rxd5 20. Rd1
Rxd1+ 21. Bxd1 Bf6 22. b4 a6 23. Bd2 b5 24. Bf4 Bd8 25. Be2 Be4 26. Ne5 Nxe5
27. Bxe5 f6 28. Bd4 Kf7 29. a4 c6 30. a5 Be7 31. Bc5 Bxc5 32. bxc5 Ke6 33. Bxb5
cxb5 0-1

[Event "Kings-Northrop"]
[Site "?"]
[Date "2003.01.14"]
[Round "?"]
[White "Goncharoff, Nic"]
[Black "Gothier, Sean"]
[Result "1-0"]
[WhiteElo "1666"]
[BlackElo "1371"]
[PlyCount "101"]

1. e4 c5 2. Nf3 d6 3. Bb5+ Bd7 4. Bxd7+ Nxd7 5. O-O Ngf6 6. d3 g6 7. Nc3 Bg7 8.
Rb1 O-O 9. h3 Qa5 10. a3 b5 11. Bd2 c4 12. Nd5 Qa4 13. Nxe7+ Kh8 14. Bb4 cxd3
15. cxd3 Qxd1 16. Rfxd1 Ne8 17. Nc6 Nb8 18. Nxb8 Rxb8 19. e5 Rb6 20. d4 f6 21.
exd6 Nxd6 22. Bc5 Ra6 23. Re1 Rd8 24. Re7 Nc8 25. Rb7 Bf8 26. Rxb5 Bxc5 27.
dxc5 Rc6 28. b4 a6 29. Rb8 Rd3 30. a4 a5 31. Re1 Rd8 32. bxa5 Rxc5 33. Re6 Rxa5
34. Rc6 Rxa4 35. Rcxc8 Rxc8 36. Rxc8+ Kg7 37. Rc7+ Kg8 38. g3 g5 39. Kg2 h5 40.
h4 gxh4 41. Nxh4 Rg4 42. Kh3 Rg5 43. f4 Rg7 44. Rxg7+ Kxg7 45. Kg2 Kf7 46. Kf3
Ke6 47. Ke4 Kf7 48. Kf5 Kg7 49. Nf3 Kf7 50. Nd2 Kg7 51. Ne4 1-0

[Event "Chargers-Pawns"]
[Site "?"]
[Date "2003.04.02"]
[Round "?"]
[White "Warren, Jim"]
[Black "Jakstas, Kaz"]
[Result "0-1"]
[WhiteElo "2054"]
[BlackElo "2125"]
[PlyCount "136"]

1. d4 d6 2. c4 e5 3. dxe5 dxe5 4. Qxd8+ Kxd8 5. Nc3 c6 6. Nf3 f6 7. e3 Be6 8.
Be2 Nd7 9. O-O Kc7 10. Rd1 Ne7 11. b3 a5 12. Ba3 Nf5 13. Bxf8 Rhxf8 14. Na4 b6
15. Rd2 Nd6 16. Nxb6 Nxb6 17. c5 Ne4 18. cxb6+ Kxb6 19. Rc2 Rfd8 20. Rac1 Rac8
21. Bc4 Bxc4 22. Rxc4 Nd2 23. Nxd2 Rxd2 24. R4c2 Rxc2 25. Rxc2 Rd8 26. Kf1 f5
27. Ke2 Kb5 28. Rc4 g5 29. a4+ Kb6 30. h4 h6 31. hxg5 hxg5 32. g3 c5 33. Rc1
Kc6 34. Rh1 g4 35. Rh6+ Kd5 36. Ra6 Rb8 37. Rxa5 Rxb3 38. Ra8 Ke4 39. a5 Rb2+
40. Ke1 c4 41. a6 c3 42. Rc8 Rb1+ 43. Ke2 Rb2+ 44. Ke1 Ra2 45. Rxc3 Rxa6 46.
Rc5 Ra2 47. Rb5 Kf3 48. Rxe5 Re2+ 49. Kd1 Rxf2 50. Rxf5+ Kxe3 51. Rg5 Kf3 52.
Ke1 Re2+ 53. Kf1 Ra2 54. Rf5+ Kxg3 55. Rf8 Ra1+ 56. Ke2 Kg2 57. Rf2+ Kg1 58.
Rf4 g3 59. Rf8 g2 60. Rh8 Rf1 61. Rh7 Rf8 62. Re7 Rf2+ 63. Ke1 Rf3 64. Ke2 Rf5
65. Re8 Rf7 66. Re6 Rh7 67. Rg6 Kh2 68. Kf2 g1=Q+ 0-1

[Event "Pawns-Chargers"]
[Site "?"]
[Date "2003.04.02"]
[Round "?"]
[White "Ellice, Wayne"]
[Black "Marcowka, Bob"]
[Result "0-1"]
[WhiteElo "1895"]
[BlackElo "1927"]
[PlyCount "148"]

1. d4 Nf6 2. Nf3 c5 3. c3 e6 4. Bf4 d5 5. e3 Nc6 6. h3 Qb6 7. Qb3 cxd4 8. Qxb6
axb6 9. exd4 Be7 10. Bc7 Nd7 11. Be2 O-O 12. O-O Re8 13. Re1 Bf8 14. Bb5 f6 15.
Nbd2 Kf7 16. a3 Be7 17. Re2 Bd8 18. Bd6 Na7 19. Bd3 g6 20. Rae1 b5 21. Nf1 Nb6
22. Ne3 Bd7 23. Nd2 Nc4 24. Ndxc4 bxc4 25. Bc2 Nc8 26. Bb4 Bc7 27. Ng4 h5 28.
Nh2 b5 29. Nf3 g5 30. Nd2 Ra6 31. Nf1 Ne7 32. Ng3 h4 33. Bxe7 Kxe7 34. Nf5+ Kf8
35. Ne3 Raa8 36. Bg6 Red8 37. Ng4 Kg7 38. Bc2 Bf4 39. Ne3 f5 40. Nf1 Kf7 41.
Nh2 Rg8 42. Nf3 Rg7 43. Ne5+ Bxe5 44. Rxe5 Rag8 45. f3 g4 46. fxg4 fxg4 47.
Rf1+ Ke7 48. hxg4 Rxg4 49. Rf2 h3 50. Ree2 Kd6 51. Bd1 Rh4 52. Re3 Be8 53. Bf3
h2+ 54. Kh1 Rg3 55. Rfe2 Bf7 56. Rf2 Bh5 57. Re1 Bxf3 58. Rxf3 Rgg4 59. Rh3 Re4
60. Rhe3 e5 61. dxe5+ Kxe5 62. Rxe4+ dxe4 63. g3 Rh6 64. Re2 Kf5 65. Rf2+ Kg4
66. Rf4+ Kxg3 67. Rxe4 Rd6 68. Re1 Rd2 69. Re3+ Kf4 70. Rh3 Rxb2 71. a4 bxa4
72. Rh4+ Ke3 73. Rxc4 a3 74. Ra4 a2 0-1

[Event "Chargers-Pawns"]
[Site "?"]
[Date "2003.04.02"]
[Round "?"]
[White "Dobrovolny, Chuck"]
[Black "Fabijonas, Ray"]
[Result "1-0"]
[WhiteElo "1824"]
[BlackElo "1719"]
[PlyCount "85"]

1. e4 e5 2. f4 d6 3. Nf3 Bg4 4. h3 Bxf3 5. Qxf3 Nd7 6. Bc4 exf4 7. d4 Qh4+ 8.
Ke2 Qg3 9. Bxf4 Qxf3+ 10. gxf3 f6 11. Be3 O-O-O 12. h4 Ne7 13. Nd2 Nb6 14. Be6+
Kb8 15. h5 d5 16. c3 dxe4 17. fxe4 Nc6 18. a4 Re8 19. d5 Ne5 20. Bxb6 cxb6 21.
Rhg1 g5 22. hxg6 hxg6 23. Rg2 Bd6 24. Rf1 Rhf8 25. b3 Kc7 26. c4 a5 27. Nb1 Bb4
28. Rh1 Re7 29. Rgh2 Nd7 30. Rh7 Rfe8 31. Bxd7 Kxd7 32. Kd3 Kd6 33. Nc3 Bxc3
34. Kxc3 g5 35. Rxe7 Rxe7 36. Kd4 Rg7 37. Rh6 Ke7 38. e5 Rf7 39. exf6+ Rxf6 40.
Rh7+ Rf7 41. Rxf7+ Kxf7 42. Ke5 Ke7 43. Kf5 1-0

[Event "Pawns-Chargers"]
[Site "?"]
[Date "2003.04.02"]
[Round "?"]
[White "Litvinas, A."]
[Black "McCarthy, Dan"]
[Result "0-1"]
[WhiteElo "1643"]
[BlackElo "1807"]
[PlyCount "82"]

1. e4 e5 2. c4 Nc6 3. d3 Bc5 4. Nd2 a6 5. a3 d6 6. Nb3 Ba7 7. h3 Nge7 8. f4 Ng6
9. Ne2 exf4 10. h4 Bg4 11. h5 Nh4 12. Bxf4 Qf6 13. Qd2 (13. Bg3 $1) 13... Bxe2
14. Kxe2 Ne5 15. Kd1 Nhf3 16. gxf3 Nxf3 17. Qc1 Nd4 18. Nxd4 Bxd4 19. Rb1 Be5
20. Bxe5 Qf3+ 21. Kc2 (21. Be2 Qxh1+) 21... Qxh1 22. Bxg7 Rg8 23. h6 Qh5 24.
Qd2 b5 25. Be2 Qc5 26. d4 Qc6 27. d5 Qd7 28. Qf4 bxc4 29. Bg4 Qa4+ 30. Kc1 Qa5
31. Qf5 Rd8 32. Qxh7 Qe1+ 33. Kc2 Qf2+ 34. Kc3 Ke7 35. Qf5 Qe3+ 36. Kxc4 Rxg7
37. hxg7 Rb8 38. Rf1 Qb3+ 39. Kd4 Qxb2+ 40. Ke3 Rb3+ 41. Kf4 Qd2# 0-1

[Event "Pawns-Chargers"]
[Site "?"]
[Date "2003.04.02"]
[Round "?"]
[White "Mikulecky, B."]
[Black "Dobr, K."]
[Result "1-0"]
[WhiteElo "1467"]
[BlackElo "1414"]
[PlyCount "139"]

1. d4 d5 2. c4 dxc4 3. e4 b5 4. Nf3 e6 5. a3 Nf6 6. Nc3 Bb7 7. Bg5 Be7 8. Bxf6
Bxf6 9. e5 Be7 10. Nxb5 c6 11. Nc3 Ba6 12. b3 cxb3 13. Bxa6 Nxa6 14. Qxb3 Qb6
15. Qc4 Nb8 16. O-O O-O 17. Rfb1 Qa6 18. Qb3 Rd8 19. Rd1 Qb6 20. Qc2 Qa5 21.
Rd3 Nd7 22. Ne2 Rab8 23. Qxc6 Nc5 24. Ne1 Nxd3 25. Nxd3 Qd2 26. Qf3 Rdc8 27. g3
Rc2 28. Nef4 g5 29. Qg4 h5 30. Qxh5 gxf4 31. Qg4+ Kf8 32. Rd1 Qc3 33. Qxf4 Rd8
34. Nb4 Bxb4 35. axb4 Qxb4 36. Qh6+ Ke7 37. Qf6+ Ke8 38. Qh8+ Kd7 39. Qf6 Qe7
40. Qf3 Rdc8 41. d5 Ke8 42. d6 Qd7 43. Qh5 Kd8 44. Qh8+ Qe8 45. Qxe8+ Kxe8 46.
d7+ Ke7 47. dxc8=Q Rxc8 48. Ra1 Ra8 49. Ra6 Kd7 50. h4 Kc7 51. Kg2 Kb7 52. Rd6
a5 53. Rd7+ Kc6 54. Rxf7 Kd5 55. f4 a4 56. Rb7 a3 57. Rb1 a2 58. Ra1 Kc4 59. h5
Kb3 60. Kh3 Kb2 61. Rxa2+ Kxa2 62. Kh4 Rf8 63. Kg5 Rg8+ 64. Kf6 Rxg3 65. Kxe6
Rh3 66. f5 Rxh5 67. f6 Rh6 68. Ke7 Kb3 69. e6 Kc4 70. Ke8 1-0

[Event "Excaliburs-Northrop"]
[Site "?"]
[Date "2003.04.03"]
[Round "?"]
[White "Friske, Tom"]
[Black "Walker, Arnie"]
[Result "1-0"]
[WhiteElo "2050"]
[BlackElo "1798"]
[PlyCount "59"]

1. d4 g6 2. c4 Bg7 3. e4 c5 4. Nf3 cxd4 5. Nxd4 Nc6 6. Nb3 d6 7. Be2 Nf6 8. Nc3
O-O 9. O-O a6 10. Be3 e6 11. f3 Rb8 12. Rc1 Qe7 13. Bb6 $1 Ne8 14. f4 e5 15.
Nd5 Qd7 16. f5 Bh6 17. Rc3 Ne7 18. Qc2 Bg5 19. Bg4 Nxd5 20. cxd5 Nf6 21. Bh3
Qe7 22. fxg6 Bxh3 23. gxh7+ Nxh7 24. Rxh3 Rbc8 25. Qe2 f5 26. exf5 Nf6 27. Be3
(27. Rg3 Nh7 28. h4) 27... Bxe3+ 28. Qxe3 Nxd5 $2 29. Qh6 Qg7 $2 30. Rg3 (30.
Qe6+ $2 Qf7 31. Rff3 (31. Rg3+ Kh8 32. Qh6+ Qh7) 31... Qxe6 32. fxe6 {
idea Rfg3#} 32... Kg7) 1-0

[Event "Northrop-Excaliburs"]
[Site "?"]
[Date "2003.04.03"]
[Round "?"]
[White "Vigants, Al"]
[Black "Sollano, Ely"]
[Result "0-1"]
[WhiteElo "1658"]
[BlackElo "1988"]
[PlyCount "46"]

1. d4 Nf6 2. e3 d6 3. Bd3 Nc6 4. c3 e5 5. Nd2 g6 6. f4 Bg7 7. Ne4 O-O 8. Nf3
exf4 9. exf4 Re8 10. O-O Nxe4 11. Qb3 Nf6 12. f5 Na5 13. Qc2 c5 14. fxg6 hxg6
15. Bg5 Qd7 16. a4 c4 17. Bxg6 fxg6 18. Qxg6 Nh7 19. Rae1 Rxe1 20. Rxe1 Nf8 21.
Re8 Qf7 22. Qe4 Bf5 23. Rxf8+ Rxf8 0-1

[Event "Excaliburs-Northrop"]
[Site "?"]
[Date "2003.04.03"]
[Round "?"]
[White "Kogan, Greg"]
[Black "Burian, Dave"]
[Result "1/2-1/2"]
[WhiteElo "1817"]
[BlackElo "1543"]
[PlyCount "69"]

1. e4 c6 2. d4 d5 3. e5 e6 4. Nf3 c5 5. c3 Ne7 6. Bd3 Nbc6 7. O-O Nf5 8. Bxf5
exf5 9. Be3 cxd4 10. cxd4 Bb4 11. Nc3 O-O 12. Qb3 Be6 13. Rac1 Rc8 14. a3 Ba5
15. Qxb7 Bb6 16. b4 f4 17. Bxf4 Rc7 18. Qa6 Nxd4 19. Nxd4 Bxd4 20. Nb5 Rxc1 21.
Rxc1 Qh4 22. g3 Bxf2+ 23. Kxf2 Qxh2+ 24. Ke3 h6 25. Nd4 Qb2 26. Rc2 Qb1 27. Qd3
Bg4 28. Rf2 Qe1+ 29. Ne2 Re8 30. Qd2 d4+ 31. Qxd4 g5 32. Bxg5 hxg5 33. Qxg4
Rxe5+ 34. Kf3 Qh1+ 35. Rg2 1/2-1/2

[Event "Excaliburs-Northrop"]
[Site "?"]
[Date "2003.04.03"]
[Round "?"]
[White "Brotsos, Jim"]
[Black "Gothier, Sean"]
[Result "1-0"]
[WhiteElo "1523"]
[BlackElo "1353"]
[PlyCount "83"]

1. e4 c5 2. Nf3 d6 3. d4 cxd4 4. Nxd4 Nf6 5. Nc3 g6 6. f3 Bg7 7. Be3 O-O 8. Bc4
Qb6 9. Qd2 Qc7 10. Bb3 Bd7 11. Bh6 a5 12. Bxg7 Kxg7 13. a3 Na6 14. O-O-O Rab8
15. h4 b5 16. Kb1 b4 17. axb4 axb4 18. Nd5 Qa5 19. Nxe7 Rfe8 20. Nec6 Qc5 21.
Nxb8 Rxb8 22. Qd3 Qa5 23. Qc4 Be6 24. Nxe6+ fxe6 25. Rxd6 Nc5 26. Rhd1 Nxb3 (
26... Ra8 27. Ba2 b3 $1) 27. Qxb3 Ra8 28. c3 Qa4 29. Qxa4 Rxa4 30. cxb4 Rxb4
31. Rxe6 Kf7 32. Rc6 Rb7 33. Kc2 Ke7 34. Kc3 Ne8 35. b4 Ra7 36. Rd2 Ra1 37. b5
Rb1 38. Rb2 Rc1+ 39. Kd4 Rd1+ 40. Kc5 Rc1+ 41. Kd5 Nc7+ 42. Ke5 1-0

[Event "Rooks-Dragons"]
[Site "?"]
[Date "2003.03.10"]
[Round "?"]
[White "Benedek"]
[Black "Garzon, Otero"]
[Result "1/2-1/2"]
[WhiteElo "2136"]
[BlackElo "2215"]
[PlyCount "87"]

1. e4 c5 2. Nf3 Nc6 3. d4 cxd4 4. Nxd4 Nf6 5. Nc3 d6 6. Be2 e6 7. O-O Be7 8.
Be3 O-O 9. Nb3 a6 10. a4 b6 11. f4 Bb7 12. Bf3 Qc7 13. Kh1 Rfe8 14. Qe2 Rab8
15. Rad1 Nb4 16. Bg1 d5 17. e5 Ne4 18. Nxe4 dxe4 19. Bxe4 Bxe4 20. Qxe4 Qxc2
21. Qxc2 Nxc2 22. Rd7 Nb4 23. Nd4 Bc5 24. f5 exf5 25. Rxf5 Re7 26. Rxe7 Bxe7
27. e6 Bf6 28. exf7+ Kxf7 29. g4 h6 30. h4 g6 31. Rf3 Kg7 32. g5 hxg5 33. hxg5
Be7 (33... Bxg5 $2 34. Ne6+ Kh6 35. Rh3+) 34. Ne6+ Kg8 35. Bd4 Nd5 36. Kg2 Rc8
37. Nf4 Nxf4+ 38. Rxf4 Rc4 (38... Bxg5 39. Rg4) 39. Be5 Rxf4 40. Bxf4 Kf7 41.
Kf3 Ke6 42. Ke4 b5 43. axb5 axb5 44. b3 1/2-1/2

[Event "Rooks-Fermilab"]
[Site "?"]
[Date "2003.??.??"]
[Round "?"]
[White "Baurac, Dave"]
[Black "Gomez, Gervasio"]
[Result "0-1"]
[WhiteElo "1701"]
[BlackElo "1781"]
[PlyCount "36"]

1. d4 d5 2. Bf4 Nf6 3. e3 Bf5 4. c4 e6 5. Qb3 Qc8 6. Nc3 c6 7. Be2 Be7 8. h3 h6
9. Nf3 O-O 10. O-O Nbd7 11. Rac1 Re8 12. Ne5 (12. cxd5 Nxd5 (12... exd5 13. Nb5
{idea of Nd6 or Nc7} 13... Ne4 14. Nc7) 13. Nb5 Nxf4) 12... Nxe5 13. Bxe5 Ne4
14. cxd5 Nd2 15. Qa4 Nxf1 16. dxc6 f6 17. Bf3 Nd2 18. cxb7 Nxf3+ 0-1

[Event "Dragons-Fermilab"]
[Site "?"]
[Date "2003.04.03"]
[Round "?"]
[White "Tegel, F."]
[Black "Garzon, Otero"]
[Result "1-0"]
[WhiteElo "2080"]
[BlackElo "2215"]
[PlyCount "78"]

1. d4 Nf6 2. Bg5 g6 3. Bxf6 exf6 4. e4 Bg7 5. Bd3 O-O 6. Ne2 d5 7. O-O dxe4 8.
Bxe4 f5 9. Bf3 c5 10. c3 Qb6 11. Qb3 Nc6 12. Qxb6 axb6 13. dxc5 bxc5 14. Na3
Be6 15. Nf4 Bxc3 16. Nxe6 fxe6 17. bxc3 Rxa3 18. Bxc6 bxc6 19. Rfe1 Kf7 20. f4
Rxc3 21. Rec1 Rxc1+ 22. Rxc1 Ke7 23. Rxc5 Kd6 24. Ra5 Rb8 25. Kf2 Rb2+ 26. Kf3
c5 27. h3 Kd5 28. g4 Rh2 29. gxf5 exf5 30. Kg3 Rc2 31. Ra7 Rc3+ 32. Kh4 Ke4 33.
Rxh7 Kxf4 34. Rg7 Rg3 35. Rc7 g5+ 36. Kh5 Rxh3+ 37. Kg6 Rc3 38. Rf7 g4 39.
Rxf5+ Ke3 1-0

[Event "Dragons-Fermilab"]
[Site "?"]
[Date "2003.04.03"]
[Round "?"]
[White "Pehas, A."]
[Black "Gomez, G."]
[Result "1-0"]
[WhiteElo "1896"]
[BlackElo "1781"]
[PlyCount "63"]

1. Nf3 Nf6 2. g3 c6 3. Bg2 d5 4. d3 Bf5 5. O-O Qc8 6. Re1 e6 7. Nbd2 Be7 8. b3
Nbd7 9. Bb2 O-O 10. e4 Bg6 11. e5 Ne8 12. Bh3 Nc7 13. Nh4 Bxh4 14. gxh4 Qd8 15.
Qg4 Bf5 16. Qg3 Bxh3 17. Qxh3 f6 18. exf6 Nxf6 19. Re5 Qe7 20. Rae1 Qf7 21. Qg3
h6 22. h3 Qe7 23. Nf1 Rf7 24. Nh2 Raf8 25. R1e2 Qd7 26. Qg6 Qe7 27. R5e3 Kh8
28. Re5 Ng8 29. Rh5 Rf5 30. Rxf5 Rxf5 31. Ng4 Qxh4 32. Qxg7# 1-0

[Event "Fermilab-Dragons"]
[Site "?"]
[Date "2003.04.03"]
[Round "?"]
[White "Ailes, Tim"]
[Black "Eustace, Dan"]
[Result "1-0"]
[WhiteElo "1617"]
[BlackElo "1565"]
[PlyCount "85"]

1. e4 e5 2. Nc3 Nf6 3. f4 Nc6 4. Nf3 d6 5. Bc4 Bg4 6. O-O Qd7 7. d3 O-O-O 8.
Qe1 Bxf3 9. Rxf3 Nd4 10. Rf2 Ng4 11. Rd2 exf4 12. Nd5 f3 13. Kh1 c6 14. Nf4 d5
15. Bb3 g5 16. Nh3 fxg2+ 17. Rxg2 Bd6 18. Qg1 Nf3 19. Qxa7 Ngxh2 20. Qa8+ Bb8
21. Nxg5 Qc7 22. Nh3 Kd7 23. exd5 Rhg8 24. Bf4 Qb6 25. dxc6+ (25. Rxg8 Rxg8 26.
Bxb8 $18 cxd5 (26... Qd8 27. Qxb7+) (26... Rg1+ $2 27. Nxg1) 27. Bxd5 Qh6 28.
Qxb7+) 25... bxc6 26. Rxg8 Rxg8 27. Bxh2 Nxh2 28. Qa4 Qe3 29. Bd5 $1 Qxh3 30.
Qxc6+ Ke7 31. Re1+ Kf8 32. Qe8+ Kg7 33. Qxf7+ Kh6 34. Re6+ (34. Qxg8 Nf3#)
34... Rg6 (34... Kg5 35. Qxg8+) 35. Rxg6+ hxg6 36. Qf8+ Kg5 (36... Kh5 37. Qh8+
Kg5 38. Qd8+) (36... Kh7 37. Bg8+ Kh8 38. Bf7+ Kh7 39. Qg8+ Kh6 40. Qxg6#) 37.
Qd8+ Kg4 (37... Kf4 38. Qxb8+ Ke3 39. Qxh2) (37... Kf5 38. Qc8+ Ke5 39. Qxh3) (
37... Kh5 38. Qh8+ Kg4 39. Be6+) 38. Be6+ Kg3 39. Bxh3 Kxh3 40. Qxb8 Ng4 41.
Qc8 Kg3 42. Qxg4+ Kxg4 43. a4 1-0

[Event "Dragons-Fermilab"]
[Site "?"]
[Date "2003.04.03"]
[Round "?"]
[White "Komdravolu, K."]
[Black "Staples, Carl"]
[Result "0-1"]
[WhiteElo "1431"]
[BlackElo "1614"]
[PlyCount "66"]

1. d4 Nf6 2. c4 g6 3. Nf3 Bg7 4. e3 d6 5. Nc3 O-O 6. Bd3 Re8 7. O-O Nbd7 8. Re1
c5 9. d5 a6 10. a4 Ng4 11. Ne4 Nge5 12. Be2 Rb8 13. Rb1 b5 14. axb5 axb5 15.
cxb5 Nxf3+ 16. gxf3 Ne5 17. f4 Bf5 18. f3 Nd7 19. Bd3 Kh8 20. Bd2 Nb6 21. Ba5
Qc8 22. Ng3 Bd7 23. e4 c4 24. Rc1 Bxb5 25. b3 Qa6 26. bxc4 Bxc4 27. Bxc4 Nxc4
28. Bc3 Bxc3 29. Rxc3 Qb6+ 30. Kh1 Nb2 31. Qc2 Qa5 32. Rb1 Na4 33. Ra1 Qxc3 0-1

[Event "Fermilab-Dragons"]
[Site "?"]
[Date "2003.04.03"]
[Round "?"]
[White "Moehs, Doug"]
[Black "Breyer, A."]
[Result "1-0"]
[WhiteElo "1380"]
[BlackElo "1318"]
[PlyCount "89"]

1. e4 e5 2. d4 exd4 3. Nf3 c5 4. Bc4 f6 5. O-O d6 6. Bf4 g5 7. Nxg5 fxg5 8.
Qh5+ Kd7 9. Bxg5 Nf6 $2 (9... Be7 $1 10. Qf7 Qf8 (10... Nc6 11. Qg7) 11. Be6+
Kd8) 10. Qf7+ Be7 11. Bxf6 Rf8 12. Be6+ Kc6 13. Qxe7 Bxe6 14. Qxd8 Rxd8 15.
Bxd8 Na6 16. Ba5 Rg8 17. f4 Bh3 18. Rf2 b5 19. Be1 (19. Nd2 b4 {idea of Kb5}
20. a3 (20. Kf1 Be6 21. f5 Bf7 22. h3 Kb5 23. Nb3 Bxb3) 20... Kb5 21. axb4 cxb4
) 19... Bd7 20. a3 Re8 21. Nd2 b4 22. Re2 Bf5 23. e5 Bxc2 24. Nf3 b3 25. g4 Nc7
26. f5 d5 27. Bg3 d3 28. Rf2 a5 29. e6 a4 30. Re1 Nb5 31. Ne5+ Kb7 32. Nd7 c4
33. Nc5+ Kc8 34. Nxd3 Nxa3 35. bxa3 Kb7 36. f6 b2 37. Nxb2 c3 38. Nxa4 Bxa4 39.
f7 Bc6 40. f8=Q Rxf8 41. Rxf8 d4 42. e7 c2 43. e8=Q Bxe8 44. Rfxe8 d3 45. Rd8
1-0

[Event "UOP-Knights"]
[Site "?"]
[Date "2003.04.08"]
[Round "?"]
[White "Buerger, Ed"]
[Black "Fridman, Yuri"]
[Result "1/2-1/2"]
[WhiteElo "2028"]
[BlackElo "2136"]
[PlyCount "151"]

1. d4 Nf6 2. c4 g6 3. Nc3 d5 4. Bg5 Ne4 5. Nxe4 dxe4 6. e3 Bg7 7. c5 Qd5 8. f4
exf3 9. Nxf3 O-O 10. Bxe7 Re8 11. Bg5 Nc6 (11... h6 12. Bf4 g5 13. Bxc7 Rxe3+
14. Kf2 Re7 15. Bg3) 12. Be2 h6 13. Bf4 g5 14. Bxc7 Rxe3 15. O-O Nxd4 16. Nxd4
Bxd4 17. Kh1 Bf5 18. Bf3 Be4 19. Bxe4 Qxe4 20. Qh5 Qe6 21. Rad1 Bxc5 22. Bd8
Bf8 23. h4 Rh3+ $1 24. gxh3 Qxh3+ 25. Kg1 Bc5+ 26. Rf2 Qg3+ 27. Kh1 Bxf2 28.
hxg5 Qh4+ 29. Qxh4 Bxh4 30. Rd5 hxg5 31. Bxg5 Bxg5 32. Rxg5+ Kf8 33. Rc5 Re8
34. Rc2 f6 35. Kg2 Kf7 36. Kf3 Re5 37. Rc7+ Re7 38. Rc2 Rd7 39. Ke4 Ke6 40. Rf2
Rd1 41. Rh2 b6 42. Rc2 a6 43. Rc6+ Rd6 44. Rc2 f5+ 45. Kf3 Rd3+ 46. Ke2 Rd4 47.
Rc6+ Rd6 48. Rc8 Ke5 49. Ke3 f4+ 50. Ke2 Rh6 51. Re8+ Kd4 52. Rd8+ Kc4 53. Rc8+
Kb5 54. Kd3 Rd6+ 55. Ke2 Rc6 56. a4+ Kc5 57. b4+ Kd5 58. Ra8 Rc4 59. Rxa6 Rxb4
60. a5 b5 61. Rf6 Ke5 62. Rb6 Ke4 63. Re6+ Kd4 64. Kf3 Kd5 65. Rf6 Ra4 66. Rxf4
Rxa5 (66... Rxf4+ 67. Kxf4 Kc6 $19 68. Ke5 Kb7 69. Kd4 (69. Kd5 Ka6 70. Kc5
Kxa5 71. Kd4 Kb4 72. Kd3 Kb3 73. Kd2 b4 74. Kc1 Ka2) 69... Ka6 70. Kc5 (70. Kc3
Kxa5 71. Kc2 Ka4 72. Kc3 Ka3 73. Kc2 Kb4 74. Kc1 Kc3 75. Kb1 Kb3 76. Kc1 Ka2
77. Kc2 b4) 70... Kxa5 71. Kd5 (71. Kd4 Kb4) 71... Kb4 72. Kd4 Kb3) 67. Ke3 Ra8
68. Rf5+ Kc4 69. Kd2 Rh8 70. Kc2 Rh2+ 71. Kb1 b4 72. Rg5 Kb3 73. Rg3+ Ka4 74.
Ka1 Rf2 75. Rh3 Rg2 76. Kb1 1/2-1/2

[Event "Knights-UOP"]
[Site "?"]
[Date "2003.04.08"]
[Round "?"]
[White "Thomson, Jim"]
[Black "Revellon, Lucas"]
[Result "1/2-1/2"]
[WhiteElo "1979"]
[BlackElo "1972"]
[PlyCount "76"]

1. e4 e6 2. d4 d5 3. Nd2 Nf6 4. e5 Nfd7 5. Bd3 c5 6. c3 Nc6 7. Ne2 cxd4 8. cxd4
f6 9. exf6 Nxf6 10. O-O Bd6 11. Nf3 O-O 12. Nc3 a6 13. a3 Bd7 14. Bg5 Qc7 15.
h3 Rf7 16. Rc1 Raf8 17. Qc2 Qb8 18. Na4 (18. Bxf6 Rxf6 19. Bxh7+ Kh8 20. Bd3
Rxf3 $5 21. gxf3 Nxd4 22. Qd1 (22. Qd2 $4 Nxf3+) 22... Nxf3+ 23. Kh1 Bc6 24.
Be2 d4 $1) 18... h6 19. Be3 Ne7 20. b4 Nh5 21. Nc5 Bc8 22. Nh4 Nf4 23. Bxf4
Rxf4 24. g3 R4f6 25. Kg2 b6 26. Nb3 e5 27. dxe5 Bxe5 28. Nd2 Bb7 29. Nhf3 Nf5
30. Nxe5 Qxe5 31. Rce1 Qd6 32. Bxf5 Rxf5 33. f3 h5 34. Qd3 h4 35. f4 hxg3 36.
Qxg3 Rxf4 37. Rxf4 Qxf4 38. Qxf4 Rxf4 {
Neither side recorded moves up to the time control.  DRAW AGREED move 69}
1/2-1/2